Abeceda obchodu: Ověřování zahraničního partnera
Po rozhodnutí o vstupe na vybraný zahraničný trh - nutnosť získania informácií o potencionálnom partnerovi. Základné právne, odborné a obchodné informácie. Zdroje informácií. Analýza budúceho partnera. Náklady na obstarávanie a overovanie informácií.
Gespeichert in:
| 1. Verfasser: | |
|---|---|
| Format: | Buchkapitel |
| Sprache: | Tschechisch |
| Schlagworte: | |
| Tags: |
Keine Tags, Fügen Sie das erste Tag hinzu!
|
MARC
| LEADER | 00000naa a2200000 4500 | ||
|---|---|---|---|
| 001 | r047850 | ||
| 005 | 20230908091446.5 | ||
| 041 | 0 | |a cze | |
| 044 | |a CZ | ||
| 245 | 1 | 0 | |a Abeceda obchodu: Ověřování zahraničního partnera |c Jan Kalvoda |
| 520 | |a Po rozhodnutí o vstupe na vybraný zahraničný trh - nutnosť získania informácií o potencionálnom partnerovi. Základné právne, odborné a obchodné informácie. Zdroje informácií. Analýza budúceho partnera. Náklady na obstarávanie a overovanie informácií. | ||
| 610 | 2 | 0 | |a partneri obchodní |
| 610 | 2 | 0 | |a styk zahraničnoobchodný |
| 610 | 2 | 0 | |a informácie obchodno-ekonomické |
| 610 | 2 | 0 | |a náklady |
| 100 | 1 | |a Kalvoda, Jan | |